The noble scholar, jurist, historian


 His Excellency Dr. Abdul Wahhab bin Ibrahim Abu Sulaiman, may Allah have mercy on him.


 He was born in Umm Al-Qura in the year 1356 AH.

موارد النجاح ومصادر الفلاح على رسالة ابن أبي القيرواني / (Record no. 2623)

MARC details
000 -LEADER
fixed length control field 01499cam a22002771i 4500
003 - CONTROL NUMBER IDENTIFIER
control field SA-RiAUC
005 - DATE AND TIME OF LATEST TRANSACTION
control field 20250114080223.0
008 - FIXED-LENGTH DATA ELEMENTS--GENERAL INFORMATION
fixed length control field 241120s2003 ts g 00000 ara c
040 ## - CATALOGING SOURCE
Original cataloging agency SA-JeALM
Language of cataloging ara
Transcribing agency SA-RiAUC
Description conventions rda
082 04 - DEWEY DECIMAL CLASSIFICATION NUMBER
Classification number 258.2
090 ## - LOCALLY ASSIGNED LC-TYPE CALL NUMBER (OCLC); LOCAL CALL NUMBER (RLIN)
Classification number (OCLC) (R) ; Classification number, CALL (RLIN) (NR) 258.2
Local cutter number (OCLC) ; Book number/undivided call number, CALL (RLIN) غ ل ا
100 1# - MAIN ENTRY--PERSONAL NAME
Personal name الغلاوي، أحمد بن البشير بن محمد،
Dates associated with a name 1215-1276 هـجري
Relator term مؤلف.
245 10 - TITLE STATEMENT
Title موارد النجاح ومصادر الفلاح على رسالة ابن أبي القيرواني /
Statement of responsibility, etc. أحمد محمد البشير الشنقيطي.
264 #1 - PRODUCTION, PUBLICATION, DISTRIBUTION, MANUFACTURE, AND COPYRIGHT NOTICE
Place of production, publication, distribution, manufacture أبو ظبي :
Name of producer, publisher, distributor, manufacturer المجمع الثقافي،
Date of production, publication, distribution, manufacture, or copyright notice 2003
300 ## - PHYSICAL DESCRIPTION
Extent 2 مجلد ؛
Dimensions 24 سم
336 ## - CONTENT TYPE
Content type term نص
Content type code txt
Source rdacontent
Materials specified كتاب
337 ## - MEDIA TYPE
Media type term بدون وسيط
Media type code n
Source rdamedia
338 ## - CARRIER TYPE
Carrier type term مجلد
Carrier type code nc
Source rdacarrier
501 ## - WITH NOTE
With note معه : كوثر الأماني والتهاني لموارد النجاح ومصادر الفلاح : تكملة رسالة القيرواني / لحفيده القاضي محمد بن احمد بن البشير.
650 #7 - SUBJECT ADDED ENTRY--TOPICAL TERM
Topical term or geographic name entry element الفقه المالكي
Source of heading or term aucsh
700 12 - ADDED ENTRY--PERSONAL NAME
Personal name ابن أبي زيد القيرواني، عبد الله بن عبد الرحمن بن أبي زيد،
Dates associated with a name 310-386 هجرى
740 02 - ADDED ENTRY--UNCONTROLLED RELATED/ANALYTICAL TITLE
Uncontrolled related/analytical title رسالة ابن أبي زيد القيرواني.
740 02 - ADDED ENTRY--UNCONTROLLED RELATED/ANALYTICAL TITLE
Uncontrolled related/analytical title كوثر الأماني والتهاني لموارد النجاح ومصادر الفلاح : تكملة رسالة القيرواني.
942 ## - ADDED ENTRY ELEMENTS (KOHA)
Source of classification or shelving scheme Dewey Decimal Classification
Koha item type Books
Suppress in OPAC No
949 ## - LOCAL PROCESSING INFORMATION (OCLC)
a SA-JeALM
d 241120
u mohamedma123
n 1
Holdings
Withdrawn status Lost status Source of classification or shelving scheme Damaged status Not for loan Home library Current library Date acquired Total checkouts Full call number Barcode Date last seen Price effective from Koha item type Materials specified (bound volume or other part)
    Dewey Decimal Classification     DR AbdElwahab Library DR AbdElwahab Library 11/21/2024   258.2 غ ل ا 000004069 11/21/2024 11/21/2024 Books  
    Dewey Decimal Classification     DR AbdElwahab Library DR AbdElwahab Library 12/21/2024   258.2 غ ل ا 000005867 12/21/2024 12/21/2024 Books الجزء الأول
    Dewey Decimal Classification     DR AbdElwahab Library DR AbdElwahab Library 01/14/2025   258.2 غ ل ا 000007569 01/14/2025 01/14/2025 Books الجزء الثاني